000 00308nam a2200121Ia 4500
008 190723s9999 xx 000 0 und d
020 _a978-93-5111-206-8
100 _aShiv Naz
245 0 _aPrinciples of biochemisty and Biophysics
260 _aNew Delhi
_bRandom Pub
_c2014
300 _a286.:p
942 _cBK
999 _c1624
_d1624